000 00355nam a2200133Ia 4500
008 240624s9999 xx 000 0 und d
041 _aeng
082 _a658.83 BEL
100 _aBELK RUSSELL W
245 _aHANDBOOK OF QUALITATIVE RESEARCH METHODS IN M
260 _c2008
_aCheltenham
_bEdward Elgar Publishing
300 _a595 : p.
365 _cBPS
_b25
999 _c18315
_d18315